Tác phẩm văn học được giải thưởng Hồ Chí Minh Vỡ bờ, Hoa và Ngần, Người đàn bà hóa đá ... Q.2
v.v...
Đã lưu trong:
| Tác giả chính: | |
|---|---|
| Định dạng: | Sách |
| Năm xuất bản: |
H.
Văn học
2006
|
| Chủ đề: | |
| Tags: |
Thêm thẻ
Không có thẻ, Hãy là người đầu tiên gắn thẻ bản ghi này!
|
| LEADER | 01151nam a2200205 4500 | ||
|---|---|---|---|
| 082 | |a 895.922334 |b NG527Đ | ||
| 100 | |a Nguyễn Đình Thi | ||
| 245 | |a Tác phẩm văn học được giải thưởng Hồ Chí Minh |c Nguyễn Đình Thi; Tuấn Thành,... biên soạn |n Q.2 |b Vỡ bờ, Hoa và Ngần, Người đàn bà hóa đá ... | ||
| 260 | |a H. |b Văn học |c 2006 | ||
| 300 | |a 1130 tr. |c 21 cm. | ||
| 520 | |a v.v... | ||
| 653 | |a Văn học hiện đại | ||
| 653 | |a Việt Nam | ||
| 653 | |a Tiểu thuyết | ||
| 653 | |a Kịch | ||
| 942 | |2 ddc |c STK0 | ||
| 999 | |c 1642 |d 1642 | ||
| 952 | |0 0 |1 0 |2 ddc |4 0 |6 895_922334000000000_NG527Đ |7 1 |8 800 |9 27768 |a qbu |b qbu |c D5 |d 2014-12-09 |g 225 |o 895.922334 NG527Đ |p 1054.c1 |r 0000-00-00 |w 2014-12-09 |y STK0 |0 0 |6 895_922334000000000_NG527Đ | ||
| 952 | |0 0 |1 0 |2 ddc |4 0 |6 895_922334000000000_NG527Đ |7 0 |8 800 |9 27769 |a qbu |b qbu |c D5 |d 2014-12-09 |g 225 |o 895.922334 NG527Đ |p 1054.c2 |r 0000-00-00 |w 2014-12-09 |y STK0 |0 0 |6 895_922334000000000_NG527Đ | ||
| 952 | |0 0 |1 0 |2 ddc |4 0 |6 895_922334000000000_NG527Đ |7 0 |8 800 |9 27770 |a qbu |b qbu |c D5 |d 2014-12-09 |g 225 |o 895.922334 NG527Đ |p 1054.c3 |r 0000-00-00 |w 2014-12-09 |y STK0 |0 0 |6 895_922334000000000_NG527Đ | ||